Thurrock's deeper past : a confluence of time : the archaeology of the borough of Thurrock, Essex, from the last Ice Age to the establishment of the English kingdoms /
This volume looks at the evidence for human activity in Thurrock and this part of the Thames estuary since the last Ice Age, and how the river crossing point here has been of great importance to the development of human settlement and trade in the British Isles.
المؤلف الرئيسي:
التنسيق: كتاب الكتروني
اللغة: English
منشور في:
Summertown, Oxford :
Archaeopress Publishing Ltd,
2018.
الموضوعات:
الوصول للمادة أونلاين: Login to view Source
الوسوم: إضافة وسم
رقم الطلب: DA145
| LEADER | 02002nam a2200409 i 4500 | ||
|---|---|---|---|
| 001 | EDZ0002019991 | ||
| 003 | StDuBDS | ||
| 005 | 20230412182429.0 | ||
| 006 | m|||||o||d|||||||| | ||
| 007 | cr ||||||||||| | ||
| 008 | 181213s2018 enkab fob 000|0|eng|d | ||
| 020 | |a 9781789691122 (ebook) : |c No price | ||
| 040 | |a StDuBDS |b eng |c StDuBDS |e rda |e pn | ||
| 050 | 4 | |a DA145 | |
| 082 | 0 | 4 | |a 936.2678 |2 23 |
| 100 | 1 | |a Tripp, Christopher John, |e author. | |
| 245 | 1 | 0 | |a Thurrock's deeper past : |b a confluence of time : the archaeology of the borough of Thurrock, Essex, from the last Ice Age to the establishment of the English kingdoms / |c Christopher John Tripp. |
| 264 | 1 | |a Summertown, Oxford : |b Archaeopress Publishing Ltd, |c 2018. | |
| 300 | |a 1 online resource (vi, 200 pages) : |b illustrations (black and white, and colour), maps | ||
| 336 | |a text |2 rdacontent | ||
| 336 | |a still image |2 rdacontent | ||
| 336 | |a cartographic image |2 rdacontent | ||
| 337 | |a computer |2 rdamedia | ||
| 338 | |a online resource |2 rdacarrier | ||
| 500 | |a Previously issued in print: 2018. | ||
| 504 | |a Includes bibliographical references. | ||
| 520 | 8 | |a This volume looks at the evidence for human activity in Thurrock and this part of the Thames estuary since the last Ice Age, and how the river crossing point here has been of great importance to the development of human settlement and trade in the British Isles. | |
| 521 | |a Specialized. | ||
| 588 | |a Description based on online resource; title from home page (viewed on February 27, 2019). | ||
| 651 | 0 | |a Thurrock (England) |x Antiquities. | |
| 650 | 0 | |a Human settlements |z England |z Thurrock |x History |y To 1500. | |
| 651 | 0 | |a Thurrock (England) |x History |y To 1500. | |
| 776 | 0 | 8 | |i Print version : |z 9781789691115 |
| 856 | 4 | 0 | |3 Archaeopress |u http://library.arce.org:8087/Archaeopress/Products/9781789691115 |
| 942 | |2 lcc |c EBOOK | ||
| 952 | |0 0 |1 0 |4 0 |6 DA0145 |7 1 |9 46505 |a ARCH |b ARCH |d 2023-04-12 |l 0 |o DA145 |r 2023-04-12 00:00:00 |w 2023-04-12 |y EBOOK | ||
| 999 | |c 52163 |d 52163 | ||
